[Event "3rd GRENKE Chess Open 2018"]
[Site "Karlsruhe"]
[Date "2018.04.01"]
[Round "7"]
[White "Lagunow, Raphael"]
[Black "Basso, Pier Luigi"]
[Result "0-1"]
[WhiteElo "2368"]
[BlackElo "2459"]
[Annotator "TA"]
[PlyCount "136"]
[EventDate "2018.??.??"]
[EventType "swiss"]
[EventCountry "GER"]
[SourceTitle "playchess.com"]
[Source "ChessBase"]
[SourceQuality "1"]

{[%evp 19,136,0,8,-31,-25,-25,-27,-27,-14,-80,-46,-56,-56,-48,-54,-58,-43,-41,-43,-39,-40,-63,-60,-87,-58,-97,-18,-25,0,-43,0,-37,-43,-160,-130,-127,-127,-127,-124,-118,-124,-96,-79,-84,-79,-87,-62,-77,-74,-83,-58,-59,-59,-80,-27,-30,-14,-14,-14,-18,-18,-18,-16,-18,-18,-26,-15,-27,-27,-27,-27,-27,-27,-35,-37,-38,-35,-53,-54,-61,-61,-136,-136,-173,-173,-166,-166,-166,-166,-481,-472,-472,-472,-29970,-29975,-29974,-29975,-29975,-29976,-29977,-29975,-29975,-29974,-29974,0,-29976,-29977,-29977,-29978,-29978,-29979,-29979,-29980,-29980,-29981,-29981,-29982,-29985,-29986]} 1. e4 e5 2. Nf3 Nc6 3. Bc4 Bc5 4. c3 Nf6 5. d3 O-O 6. O-O d5 7. exd5 Nxd5 8. Nbd2 {C54: Giuoco Piano: 4 c3 Nf6, main lines with 5 d4 and 5 d3} Nb6 9. Bb5 Bd6 10. Ne4 Bg4 {[%cal Bc8g4,Bg4h5,Bh5g6][%mdl 32] LiveBook: 7 Games} 11. d4 $146 ({Predecessor:} 11. h3 Bh5 12. Ng3 Bg6 13. Re1 Re8 14. Bg5 f6 15. Bd2 a6 16. Bxc6 bxc6 {½-½ (41) Vallejo Pons,F (2705)-Ragger,M (2672) Warsaw 2013}) 11... exd4 12. Bxc6 bxc6 13. cxd4 Re8 14. Nc3 (14. Re1 $11 {keeps the balance.}) 14... a5 15. h3 Bh5 16. g4 Bg6 17. Ne5 Qh4 18. Qf3 Bxe5 19. dxe5 Nc4 20. Bf4 Nxb2 21. Kg2 Qd8 22. Qxc6 Qd4 (22... Rb8 $17 {Black wants to play ...Rb6.} 23. Kh2 Nd3) 23. Bg3 $11 h5 24. Kh2 Bd3 25. Rg1 hxg4 {Threatens to win with ...Rab8.} 26. Nb5 (26. Rae1 $15) 26... Qa4 27. e6 Qxb5 28. Qxb5 Bxb5 29. Rab1 Rxe6 {aiming for ...Re2.} 30. Rxb2 c6 {Hoping for ...Rh6.} 31. hxg4 Bc4 32. Bf4 a4 33. Rgb1 Kh7 34. Kg3 Kg6 35. Rd2 Bd5 36. Be3 f5 (36... Re4 $17 37. Bc5 Rc4) 37. Rb4 fxg4 38. Rxg4+ Kf7 39. Rdd4 a3 40. Ra4 Ree8 41. Bc5 Bxa2 42. Bxa3 Bb1 43. Rxa8 Rxa8 {[%mdl 4096] Endgame KRB-KRB} 44. Bb2 g6 45. Rc4 Ra6 46. Rc5 Ke6 47. Be5 Bf5 48. f4 Be4 49. Kf2 Bd5 {Strongly threatening ...g5!} 50. Ke3 {[#]} (50. Rc2 $15) 50... g5 $1 $17 {[%cal Bg6g5,Bg5f4,Bf4f3][%mdl 544]} 51. Rc3 (51. fxg5 Kxe5) 51... Ra4 52. Bc7 gxf4+ 53. Kd2 Kf5 54. Rh3 $2 (54. Bb6) 54... Ra2+ $19 55. Ke1 f3 {( -> ...f2+)} 56. Rh2 (56. Rh4 $19 c5 57. Rh5+ Ke4 58. Rh2) 56... Rxh2 57. Bxh2 {KB-KB} c5 {[%cal Bc6c5,Bc5c4][%mdl 32]} 58. Bd6 c4 59. Bb4 Ke4 60. Kd2 Be6 61. Bc5 Bd5 $2 (61... Kf5 {mates} 62. Bd6 {[#]} c3+ $1 {[%mdl 512]} 63. Ke3 c2 64. Ba3 Kg4 65. Kf2 Kf4 66. Bc1+ Ke4 67. Ke1 Bd5 68. Kd2 Kd4 69. Ke1 Kc4 70. Kd2 Kb3 71. Ke3 Ka2 72. Bd2 Kb2 73. Kd3 c1=Q 74. Bxc1+ Kxc1 75. Kd4 Ba8 76. Ke3 Kc2 77. Kf2 Kd2 78. Kg3 Ke3 79. Kg4 f2 80. Kf5 f1=Q+ 81. Ke6 Kd4 82. Kd6 Qf6+ 83. Kd7 Kd5 84. Kc7 Qd6+ 85. Kc8 Qe7 86. Kb8 Qb7#) 62. Bf2 $2 {[%mdl 8192]} (62. Bb4 $11 Kf4 63. Bd6+ Kg4 64. Ke3) 62... Kf4 {Black mates.} 63. Be1 Bg8 64. Bf2 Bf7 65. Be1 Bd5 66. Bf2 Kg4 67. Ke3 Kh3 68. Kd4 Kg2 {Precision: White = 42%, Black = 63%.} 0-1

[Event "3rd GRENKE Chess Open 2018"]
[Site "Karlsruhe"]
[Date "2018.04.01"]
[Round "7"]
[White "Zeller, Frank"]
[Black "Fedorovsky, Michael"]
[Result "1-0"]
[WhiteElo "2368"]
[BlackElo "2471"]
[Annotator "TA"]
[PlyCount "124"]
[EventDate "2018.??.??"]
[EventType "swiss"]
[EventCountry "GER"]
[SourceTitle "playchess.com"]
[Source "ChessBase"]
[SourceQuality "1"]

{[%evp 22,124,15,0,59,43,52,35,95,93,77,39,68,64,75,59,64,83,83,90,95,95,84,87,92,87,139,158,143,121,200,116,106,113,102,92,112,107,127,145,143,119,114,116,122,102,102,109,125,29,32,12,30,10,2,0,6,-15,-11,-39,0,0,0,0,0,0,0,0,0,0,0,0,0,-8,-10,-111,-111,-111,-111,-223,-222,-329,-305,-316,-264,-243,-183,-191,-160,-159,-159,-208,-122,-241,-236,-314,-270,-506,-523,-514,-499,-608,-418,-545,-246]} 1. e4 c5 2. Nf3 d6 3. d4 cxd4 4. Nxd4 Nf6 5. Nc3 g6 6. Bc4 Bg7 7. O-O O-O 8. Re1 Nc6 9. Nb3 Be6 10. Nd5 Rc8 11. Bf1 Ne5 12. c3 {LiveBook: 9 Games. B70: Sicilian Dragon: 6 g3 and 6 Be2 (without a later Be3)} Bxd5 (12... Re8 $11) (12... Nxd5 13. exd5 Bg4 14. Be2 Bxe2 15. Rxe2 Qd7 16. h3 Nc4 17. Bg5 Rfe8 18. Qd3 h6 19. Bf4 Qa4 {0-1 (33) Licznerski,L (2267)-Plat,V (2567) Katowice 2017}) 13. exd5 $14 Nc4 14. a4 {[%cal Ba2a4,Ba4a5][%mdl 32] White is slightly better.} Nb6 {[#]} (14... Qd7 $14) 15. g4 $1 $16 h6 $146 ({Predecessor:} 15... a5 16. Bg2 Nc4 17. Nd4 Nb6 18. Nb5 Rc5 19. Be3 Rxd5 20. Bxd5 Nbxd5 {½-½ (55) Arribas Lopez,A (2442)-Espinosa Aranda,A (2397) Linares 2010}) 16. Bg2 Re8 17. a5 Nc4 18. h3 Qc7 19. Ra4 b5 20. axb6 $1 Nxb6 21. Ra1 Nc4 22. Nd4 {[%cal Bb3d4,Bd4c2,Bc2b4][%mdl 32]} Nb6 23. Nc2 Qc4 (23... Qc5 $142) 24. Nb4 ({Don't take} 24. Rxa7 Nbxd5 25. Qd4 Qb3 $14) 24... Qc7 25. Qd3 Qb7 (25... Nbd7 $16 {is a better defense.} 26. Nc6 Ne5) 26. Qa6 ({White should play} 26. Nc6 $18 Nfxd5 27. Na5 (27. Bxd5 Nxd5 28. Qxd5 Rxc6 $11) (27. Nxa7 Ra8 $14)) 26... Qxa6 27. Rxa6 Rc7 28. Rd1 Rec8 29. Bf1 Kf8 30. Ra2 h5 31. f3 hxg4 32. hxg4 Nfd7 33. Ba6 Ra8 34. Be3 Nc5 {[#]} 35. Kf2 (35. Bb5 $1 $16) 35... Nxa6 $11 36. Rxa6 Nc4 37. Bc1 Rb8 38. Ra2 Rb5 39. Ra6 Rb6 40. Rxb6 axb6 (40... Nxb6 {with more complications.} 41. Ke2 a5 42. Nc6 a4 43. Be3 Nc4) 41. f4 Ra7 42. Ke2 Ra1 43. Nd3 b5 44. f5 gxf5 45. gxf5 Ke8 46. Rg1 Kf8 47. f6 exf6 48. Nf4 (48. Rh1 $11 {remains equal.}) 48... Bh6 $17 49. Nd3 Bxc1 50. Nxc1 (50. Rxc1 $17 Rxc1 51. Nxc1) 50... Nxb2 {[%mdl 4096] Endgame KRN-KRN} 51. Kd2 (51. Ke3 {keeps fighting.}) 51... Nc4+ $19 52. Kc2 Ne3+ 53. Kb2 Ra6 54. Ne2 Nxd5 55. Nd4 b4 56. c4 Nf4 ({Black should try} 56... Ne3 $19 {aiming for ...Ra3.} 57. Rc1 f5) 57. Rd1 (57. Kb3 $17) 57... Ra3 58. Nb3 Ke7 59. Rd4 $2 (59. c5 {was worth a try.}) 59... Ne6 60. Rd5 {[#]} f5 $1 61. Nc1 (61. Rxf5 Rxb3+) 61... Rc3 62. Nd3 Ke8 {[%mdl 32768] Precision: White = 41%, Black = 59%. . Sensor Board Error (Ke4/e5)?} (62... Nc5 $142 63. Nxc5 dxc5 64. Rxc5 f4) 1-0

[Event "3rd GRENKE Chess Open 2018"]
[Site "Karlsruhe"]
[Date "2018.04.01"]
[Round "7"]
[White "Baenziger, Fabian"]
[Black "Milov, Leonid"]
[Result "1-0"]
[WhiteElo "2365"]
[BlackElo "2458"]
[Annotator "TA"]
[PlyCount "101"]
[EventDate "2018.??.??"]
[EventType "swiss"]
[EventCountry "GER"]
[SourceTitle "playchess.com"]
[Source "ChessBase"]
[SourceQuality "1"]

{[%evp 19,101,19,22,14,15,13,23,16,57,26,54,41,53,43,49,0,31,31,29,25,27,31,37,30,34,36,147,132,183,31,38,39,108,113,127,86,102,95,147,134,139,133,148,135,140,154,223,164,467,464,935,941,903,896,810,847,2183,2012,1889,2045,1652,1470,5085,5097,2540,702,29969,29968,29971,29970,29968,29971,29979,29980,29980,29981,29979,29979,29979,29980,29980,29981,29981,29981]} 1. Nf3 f5 2. d4 Nf6 3. g3 g6 4. Bg2 Bg7 5. O-O O-O 6. c4 d6 7. Nc3 c6 8. b3 Qa5 9. Qc2 {A88: Dutch Defence: Leningrad System: 5 Nf3 0-0 6 0-0 d6 7 Nc3 c6} (9. Bb2 e5 10. Qd2 Qc7 11. d5 e4 12. Nd4 Qe7 13. dxc6 bxc6 14. Rad1 Rd8 15. Nc2 d5 16. f3 Rd7 17. cxd5 cxd5 18. Nb5 Nc6 {0-1 (37) Gelfand,B (2773)-Giri,A (2734) Beijing 2013}) 9... e5 10. dxe5 dxe5 {LiveBook: 3 Games} 11. e4 {The position is equal.} Na6 12. a3 f4 13. Bb2 Nh5 14. Rad1 Qc7 $146 ({Predecessor:} 14... Bg4 15. b4 Qc7 16. Rd3 Rad8 {1-0 (73) Sebih,K (2260)-Yilmaz,T (2370) Novi Sad 1990}) 15. b4 Qe7 16. c5 Nc7 17. Qd2 Bf6 18. Ne2 $36 {[%mdl 2048] White has some pressure.} g5 19. h3 {And now g4 would win.} g4 20. hxg4 Bxg4 21. Nh2 $1 {[%cal Rh2g4]} Rad8 22. Qc2 Bxe2 (22... Bd7 $14) 23. Qxe2 $16 fxg3 (23... Ng7 $16 24. Ng4 h5) 24. Qxh5 $2 ({White should play} 24. fxg3 $18 Rxd1 25. Qxd1) 24... gxh2+ $14 25. Kxh2 Bg7 ({Black should try} 25... Rxd1 $14 26. Rxd1 Bg7) 26. Rxd8 $16 Rxd8 27. Bh3 $1 Qf7 28. Qg5 Qf6 {[#]} ({Better is} 28... Re8) 29. Rg1 $1 {White wants to mate with Qxf6.} Qxg5 30. Rxg5 Re8 31. f4 {[%cal Rb2e5]} Kh8 32. Kg2 Re7 (32... Ne6 $16) 33. Kf3 ({Resist} 33. fxe5 $6 Ne6) 33... Ne8 $2 (33... exf4 {is tougher.} 34. Rxg7 Rxg7 35. Kxf4 h5) 34. Bxe5 $18 Bxe5 (34... h6 $142) 35. Rxe5 ({Less strong is} 35. fxe5 Nc7 $18) 35... Rxe5 36. fxe5 {[%mdl 4096] Endgame KB-KN} Nc7 37. Bc8 b6 {[#]} 38. cxb6 $1 axb6 39. a4 Kg7 40. a5 bxa5 41. bxa5 Kf7 42. a6 (42. Ke3 $142 Nb5 43. Kd3) 42... Nb5 43. Ke3 {White mates.} Ke7 44. Kd3 Kd8 45. Bf5 h5 46. Kc4 Kc7 47. Kc5 Na7 48. e6 Nc8 {[#]} 49. a7 $1 {[%mdl 512]} Kb7 {[#]} (49... Nxa7 50. e7) 50. a8=Q+ $1 {[%mdl 512]} Kxa8 51. Kxc6 {Precision: White = 70%, Black = 33%.} 1-0

[Event "3rd GRENKE Chess Open 2018"]
[Site "Karlsruhe"]
[Date "2018.04.01"]
[Round "7"]
[White "Vijayalakshmi, Subbaraman"]
[Black "Inkiov, Ventzislav"]
[Result "1-0"]
[WhiteElo "2345"]
[BlackElo "2452"]
[Annotator "TA"]
[PlyCount "273"]
[EventDate "2018.??.??"]
[EventType "swiss"]
[EventCountry "GER"]
[SourceTitle "playchess.com"]
[Source "ChessBase"]
[SourceQuality "1"]

{[%evp 11,273,-9,7,-42,-50,-43,-50,-211,-206,-221,-93,-73,-80,-77,-54,-91,-91,-72,-67,-68,-68,-68,-72,-66,-65,-70,-72,-72,-72,-72,-72,-72,-65,-72,-72,-72,-66,-72,-72,-72,-72,-72,-72,-72,-72,-72,-72,-73,-72,-72,-72,-69,7,7,7,7,106,106,204,204,204,204,204,204,204,204,204,204,204,204,204,0,204,0,212,123,123,31,123,123,123,123,123,55,123,123,123,123,123,123,123,0,123,123,123,0,123,0,123,123,123,123,123,0,123,0,123,0,123,123,124,0,0,0,7,5,6,7,13,0,19,19,16,21,23,23,16,9,197,35,174,174,174,172,168,168,150,150,90,143,143,67,67,68,68,62,61,61,61,59,62,0,0,0,62,62,62,62,1128,1002,576,54,54,54,54,54,54,54,54,54,54,54,54,54,54,54,54,54,54,54,54,54,54,54,54,54,54,54,54,0,54,54,54,54,54,54,54,54,54,0,54,0,54,54,54,54,54,54,54,54,54,54,54,0,0,0,54,54,54,54,54,54,54,0,54,48,8,8,8,8,54,54,54,54,54,54,54,61,8,0,8,8,8,8,8,8,8,8,8,8,8,8,8,0,8,8,8,8,8,0,29991,29992,29994,29995]} 1. Nf3 Nf6 2. g3 d5 3. Bg2 c5 4. O-O Nc6 5. d4 e6 6. c3 Qb6 {LiveBook: 30 Games} 7. Ne5 {D02: 1 d4 d5 2 Nf3 sidelines, including 2...Nf6 3 g3 and 2...Nf6 3 Bf4} (7. a3 a5 8. a4 Bd7 9. Na3 cxd4 10. cxd4 Be7 11. Bg5 h6 12. Bxf6 Bxf6 13. e3 O-O 14. Nb5 Rac8 {½-½ (41) Suarez Garcia,C (2408)-Lopez Martinez,J (2540) Linares 2015}) 7... cxd4 8. Nxc6 dxc3 9. Nxa7 $146 (9. Nxc3 $15 bxc6 10. Qc2) ({Predecessor:} 9. Nxc3 bxc6 10. e4 Be7 11. Be3 Qa5 12. Qd2 Bb4 13. Bd4 Ba6 14. Rfe1 Rd8 {1-0 (24) Bury,R (2094)-Kebis,M (2009) Bratislava 2008}) 9... cxb2 $19 ({Inferior is} 9... Qxa7 10. Nxc3 Bc5 11. Bg5 $11) 10. Nxc8 Rxc8 (10... Qxf2+ $1 $19 11. Rxf2 bxa1=Q) 11. Bxb2 $17 Qxb2 12. Nd2 Bd6 13. Ne4 Nxe4 14. Bxe4 Be5 15. Bd3 O-O 16. Rb1 Qxa2 17. Rxb7 g6 18. Qb1 Qa5 19. Rb5 Qd8 20. h4 Qf6 21. Kg2 Ra8 22. Rc1 Kg7 23. Qb4 Ra2 24. Qg4 h5 25. Qf3 Qe7 26. Rcb1 Rc8 27. Rb7 Rc7 28. Rxc7 Qxc7 29. Qe3 Bf6 30. Qb6 Qe5 31. Rc1 Ra4 (31... Qd4 $15 32. Qb3 Qa7) 32. Rc8 $1 $11 {[#] Hoping for Qc5.} Bxh4 $1 {[%mdl 512]} 33. Qc5 (33. gxh4 Rxh4) 33... Kh7 (33... Kh6 $1 $11) 34. Qf8 $16 Qg7 (34... Rg4 $16 {keeps fighting.}) 35. Qe8 $1 $18 ({Not} 35. gxh4 Qxf8 36. Rxf8 Kg7 $11) 35... Ra7 {...Bf6 is the strong threat.} ({Don't go for} 35... Rg4 $2 36. Rc7 $18) 36. gxh4 Qd4 37. Qg8+ Kh6 38. Qf8+ Kh7 {intending ...Qg4+.} 39. f4 Qf6 40. Qg8+ Kh6 41. Qf8+ Kh7 $1 42. Qg8+ Kh6 43. Qh8+ (43. Bc2 $18) 43... Qxh8 $16 44. Rxh8+ {[%mdl 4096] Endgame KRB-KR} Kg7 45. Rb8 $1 Rc7 46. Kf3 Ra7 47. Ke3 (47. Rb4 $16) 47... Kf6 (47... Ra1 $1 $14) 48. Rb6 Rc7 49. Kf3 Ra7 50. Ba6 Ra8 51. Bd3 Ra7 $1 52. Bc2 Rc7 53. Bd3 Ra7 $1 54. Ke3 (54. Rb1 $16) 54... Ra1 (54... Rc7 $1 $11) 55. Rb1 $1 {[%cal Rb1a1]} Ra7 56. Kf3 Rc7 57. Rb6 Ra7 58. Bc2 Rc7 $1 {[%cal Rc7c2]} 59. Bd3 Ra7 60. Ra6 Rc7 61. Bb1 (61. Ra4 $16) 61... Rc1 $11 62. Bd3 Rf1+ 63. Kg3 Rg1+ 64. Kf2 Rg4 65. e3 {[%cal Be2e3,Be3d4,Bd4d5,Bd5d6,Bd6d7][%mdl 32]} d4 66. exd4 Rxf4+ 67. Ke3 Rxh4 68. d5 Rb4 69. d6 e5 $2 (69... Ke5 $1 $11 {and Black stays safe.}) 70. Ra7 $2 (70. Bc2 $1 $18) 70... Ke6 (70... h4 $14) 71. d7 $18 Ke7 72. Bc2 $1 f5 73. Ba4 $1 {Threatens to win with Ra8.} Rb8 74. Ra5 Ke6 (74... Kf6 $142) 75. Ra6+ $16 Kf7 76. Rd6 ({Better is} 76. Kf2 $16) 76... Rd8 $1 $14 77. Kf3 h4 78. Kg2 e4 79. Bb5 g5 80. Kh3 Ke7 81. Rg6 (81. Rd5 $14 Ke6 82. Rc5) 81... Rb8 $11 82. Ba4 e3 (82... g4+ $1 $11 83. Kxh4 e3) 83. Rxg5 $14 e2 84. Rg7+ Kd6 $2 {[%mdl 8192] [#]} (84... Ke6 $14 85. Rg1 f4) 85. Rg1 $1 $18 {[%cal Rg1e1]} Kc7 86. Re1 $2 (86. Rc1+ $18 Kd8 87. Kg2) 86... Ra8 $14 87. Rc1+ Kd8 $1 88. Bb5 {And now Kg2 would win.} Rb8 89. Bxe2 Kxd7 90. Kxh4 Rg8 91. Rf1 Rh8+ 92. Kg5 Rg8+ 93. Kf4 Ke7 94. Bd3 Rd8 95. Bxf5 Kf6 96. Ra1 Rd4+ 97. Be4 Rd6 98. Rg1 Kf7 99. Ke5 Re6+ 100. Kf4 (100. Kd5 {keeps more tension.} Rf6 101. Kc5 Rf2 102. Ra1 Rh2 103. Ra7+) 100... Rd6 $1 101. Bf5 Rb6 102. Ra1 Ke7 103. Be4 Kf6 104. Rg1 {White threatens Rg6+ and mate.} Kf7 105. Ke5 Re6+ $1 106. Kf4 (106. Kd4 $14 Rh6 107. Rg5) 106... Rb6 (106... Rd6 $11) 107. Rh1 Rd6 108. Rh7+ Kf6 109. Rh6+ Ke7 110. Rh5 Kf6 111. Bd5 Rd8 112. Rh6+ ({White should try} 112. Ke4 $14) 112... Kg7 $11 113. Rh5 (113. Ra6 $11) 113... Kf6 $1 $14 114. Rf5+ Kg7 115. Kg5 Rd7 116. Be6 Re7 117. Bd5 Rd7 118. Be4 Re7 119. Rf4 Rd7 120. Bf5 Re7 121. Rh4 Rf7 122. Ra4 Re7 123. Ra6 Rc7 124. Ra8 Re7 (124... Rb7 $14) 125. Ra6 Rc7 126. Rg6+ Kf7 127. Rh6 {Intending Rh7+ and mate.} Re7 128. Rh7+ Kf8 129. Rh8+ Kg7 130. Rh5 Rf7 131. Rh7+ Kf8 132. Rh4 Kg7 133. Bg6 {Threatening mate with Rh7+.} Rf1 134. Rh7+ Kg8 135. Rb7 {Black must now prevent Bf5.} Rg1+ $2 {[%mdl 8192] [#]} (135... Kf8 $11) 136. Kf6 $1 {[%cal Rb7b8]} Rf1+ 137. Bf5 {Precision: White = 62%, Black = 66%.} 1-0

[Event "3rd GRENKE Chess Open 2018"]
[Site "Karlsruhe"]
[Date "2018.04.01"]
[Round "7"]
[White "Petkidis, Anthony"]
[Black "Grinberg, Eyal"]
[Result "1/2-1/2"]
[WhiteElo "2314"]
[BlackElo "2452"]
[Annotator "TA"]
[PlyCount "94"]
[EventDate "2018.??.??"]
[EventType "swiss"]
[EventCountry "GER"]
[SourceTitle "playchess.com"]
[Source "ChessBase"]
[SourceQuality "1"]

{[%evp 23,94,0,0,-9,0,0,0,-30,0,0,0,-9,-9,-1,-12,-46,-35,-46,-35,-57,-62,-93,-37,-37,-40,-51,-28,-42,-32,-37,-27,-46,-16,-42,-34,-62,-24,-27,-18,-26,0,-29,-26,-68,-66,-72,-76,-546,-216,-200,-183,-973,-443,-443,-408,-613,-593,-595,-596,-1854,3,3,3,3,3,3,3,3,3,3,3,3,3]} 1. e4 c5 2. Nf3 d6 3. d4 cxd4 4. Nxd4 Nf6 5. Nc3 a6 6. Bg5 Nbd7 7. f4 Qc7 8. Qf3 {B94: Sicilian Najdorf: 6 Bg5 Nbd7} (8. Be2 e6 9. O-O Be7 10. Kh1 b5 11. Bf3 Bb7 12. Bxf6 Nxf6 13. e5 dxe5 14. fxe5 Nd7 15. Bxb7 Qxb7 {½-½ (65) Azarov,S (2582)-Fedoseev,V (2690) Minsk 2017}) 8... h6 9. Bxf6 Nxf6 10. f5 Qc5 11. O-O-O g5 12. Nd5 Nxd5 {LiveBook: 11 Games} 13. exd5 Bg7 14. c3 Bf6 15. g4 $146 ({Predecessor:} 15. g3 h5 {0-1 (42) Smolkov,I (2349)-Kraus,T (2398) Czech Republic 2016}) 15... Bd7 16. Kb1 O-O-O 17. Bg2 Kb8 18. h3 Rc8 19. Rhf1 Qb6 20. Ka1 Ba4 21. Rd2 Rc5 22. Qe4 Bb5 ({Black should play} 22... Rhc8 $17) 23. Nxb5 $15 Qxb5 24. Qe2 Qa5 25. Rc2 Rhc8 26. Rfc1 Rc4 27. Kb1 Be5 28. Qd3 Qb6 29. Ka1 a5 (29... Ra4 $5 {[%cal Rb6b3]} 30. Kb1 Rac4 $15) 30. Bf3 a4 {And now ...a3! would win.} 31. a3 $1 R4c5 32. Qe4 Qb3 {[%cal Re5c3]} 33. Qd3 R8c7 34. Bg2 b5 {[%cal Bb7b5,Bb5b4][%mdl 32] Threatens to win with ...Rc4.} 35. Be4 $2 {[%mdl 8192] [#]} (35. Bf1 $17) 35... Rc4 $2 (35... b4 $1 {[%cal Rb4c3][%mdl 512]} 36. axb4 Rc4) 36. Kb1 $19 Kc8 37. Ka1 $2 {[#]} (37. f6 Bxf6 38. Ka1) 37... Kd8 (37... b4 $142 $1 {[%cal Rb4c3][%mdl 512]} 38. Rd1 (38. axb4 a3) 38... bxa3) 38. Kb1 Bf4 {Hoping for ...b4.} 39. Re1 {[#]} (39. Qe2 $142 Bxc1 40. Kxc1) 39... b4 $1 {[%cal Rb4a3][%mdl 512]} 40. axb4 a3 41. Ree2 Rxc3 $2 (41... Be5 $19 42. f6 Bxf6) 42. Rxc3 $11 {The position is equal.} Rxc3 43. Qxc3 Qd1+ 44. Ka2 Qxe2 45. Qc2 Qxc2 46. Bxc2 axb2 47. Kxb2 Kc7 {Precision: White = 31%, Black = 45%.} 1/2-1/2

[Event "3rd GRENKE Chess Open 2018"]
[Site "Karlsruhe"]
[Date "2018.04.01"]
[Round "7"]
[White "Andre, Gordon"]
[Black "Beerdsen, Thomas"]
[Result "1/2-1/2"]
[WhiteElo "2286"]
[BlackElo "2447"]
[Annotator "TA"]
[PlyCount "85"]
[EventDate "2018.??.??"]
[EventType "swiss"]
[EventCountry "GER"]
[SourceTitle "playchess.com"]
[Source "ChessBase"]
[SourceQuality "1"]

{[%evp 12,85,67,45,71,40,43,35,38,47,53,41,49,33,75,16,30,22,19,10,11,7,17,0,7,7,14,14,31,13,7,13,7,13,22,0,0,0,15,8,33,16,36,23,37,37,37,37,37,37,35,4,29,4,29,29,52,50,50,50,50,50,50,45,58,0,50,50,50,50,50,0,50,50,50,0]} 1. d4 e6 2. c4 b6 3. Nf3 Bb7 4. a3 f5 5. Nc3 Nf6 6. d5 exd5 {A40: Unusual replies to 1 d4} (6... Na6 7. g3 g6 8. Bg2 Bg7 9. O-O Nc5 10. Be3 O-O 11. Rc1 Qe7 12. Nb5 d6 13. Ng5 Ng4 14. Bxc5 Qxg5 {0-1 (41) Lenic,L (2662)-Meier,G (2648) chess.com INT 2018}) 7. cxd5 {LiveBook: 3 Games} Be7 8. g3 Ne4 $146 ({Find the theoretical novelty and annotate with similar games:} 8... O-O 9. Bg2 Ne4 10. O-O Nxc3 11. bxc3 Na6 12. Nd4 Nc5 13. Qc2 g6 14. Bh6 {½-½ (68) Dimitrov,R (2388)-Dobrev,N (2137) Albena 2009}) 9. Bg2 Nxc3 10. bxc3 Bf6 11. Nd4 O-O 12. O-O Bxd4 13. Qxd4 ({Better is} 13. cxd4 $16 d6 14. Bf4) 13... d6 $11 14. Bb2 Qf6 15. Qxf6 Rxf6 16. c4 Rf8 17. e4 fxe4 18. Rfe1 Nd7 19. Rxe4 Nc5 20. Re3 Rae8 21. Rae1 Rxe3 22. Rxe3 Bc8 23. f4 Kf7 24. Bf3 Bd7 25. Bd4 Rb8 26. Be2 a6 27. Kf2 Re8 28. Rxe8 Bxe8 $14 {[%mdl 4096] Endgame KBB-KBN} 29. Ke3 Ba4 30. g4 Bc2 31. h4 g6 32. g5 Nb7 33. Bf6 h5 34. Kd4 Bf5 35. Bd1 Bd7 36. Bc2 Bc8 37. Ba4 Nc5 38. Bc2 {[#] Black must now prevent Bd8.} Nb7 $1 39. Kc3 Bg4 40. Kb4 Bd7 41. Kc3 Bg4 42. Kd2 Na5 43. Kc3 {Precision: White = 44%, Black = 43%.} (43. Bd3 $5 {[%cal Rf6d8]}) 1/2-1/2

[Event "3rd GRENKE Chess Open 2018"]
[Site "Karlsruhe"]
[Date "2018.04.01"]
[Round "7"]
[White "Lavrinenkov, Vadim"]
[Black "Santos Latasa, Jaime"]
[Result "0-1"]
[WhiteElo "2249"]
[BlackElo "2549"]
[Annotator "TA"]
[PlyCount "112"]
[EventDate "2018.??.??"]
[EventType "swiss"]
[EventCountry "GER"]
[SourceTitle "playchess.com"]
[Source "ChessBase"]
[SourceQuality "1"]

{[%evp 19,111,-1,-1,-2,-2,-36,-38,-33,-24,-42,-28,-40,-35,-70,-41,-100,-74,-94,-87,-75,-79,-91,-78,-96,-97,-100,-33,-84,-82,-89,-82,-106,-89,-97,-70,-73,-61,-123,-123,-132,-135,-126,-125,-138,-124,-162,-164,-161,-158,-175,-172,-194,-181,-245,-244,-276,-278,-271,-262,-252,-177,-180,-179,-175,-169,-185,-174,-307,-307,-307,-306,-306,-302,-306,-306,-539,-530,-541,-539,-548,-423,-545,-522,-625,-586,-1694,-1583,-1406,-1315,-29996,-29997,-29998,-29999,-29999]} 1. d4 Nf6 2. Nf3 d5 3. c4 e6 4. Bg5 h6 5. Bxf6 Qxf6 6. Nc3 c6 7. e3 g6 8. Rc1 {D43: Semi-Slav: 5 Bg5 h6} (8. Be2 Bg7 9. O-O O-O 10. Ne5 Nd7 11. f4 Qe7 12. Qb3 Nxe5 13. fxe5 Bd7 14. cxd5 cxd5 15. e4 dxe4 16. Nxe4 {1-0 (34) Wojtaszek,R (2738)-Saric,I (2657) Batumi 2018}) 8... Nd7 9. Be2 Bg7 10. O-O O-O {LiveBook: 8 Games} 11. Qb3 Qe7 12. Qa3 $146 ({Predecessor:} 12. Rfd1 Nb6 13. e4 dxc4 14. Bxc4 Nxc4 15. Qxc4 {0-1 (40) Hebden,M (2527)-Greenfeld,A (2536) London 2014}) 12... Qxa3 13. bxa3 Nb6 14. Nd2 Rd8 15. Rfd1 Bf8 16. Ncb1 Bd7 17. Bf3 ({White should try} 17. c5 $15) 17... Be8 18. g3 Rac8 19. c5 Nd7 20. Nb3 b6 21. N1d2 e5 {[%cal Be6e5,Be5e4][%mdl 32]} 22. Be2 Bg7 ({Black should play} 22... bxc5 $17 23. dxc5 e4) 23. Nf3 (23. dxe5 $15 Bxe5 24. Rc2) 23... e4 $17 24. Nfd2 Bf8 25. Rc2 Be7 26. Rdc1 Nf8 27. a4 Ne6 28. a5 ({Better is} 28. cxb6 $1 $15 axb6 29. a5) 28... bxc5 29. Nxc5 Nxc5 30. dxc5 Rb8 31. Nb3 Rb4 32. Kf1 Rdb8 33. Ke1 Bd7 34. Kd2 Kf8 35. Kc3 Bf6+ 36. Nd4 (36. Kd2 $142) 36... Ke8 37. Rd2 Ra4 38. Rb2 Rxb2 39. Kxb2 {White hopes to continue with Kb3.} Rxa5 ({Not} 39... Bxd4+ 40. Kb3 $15) 40. a3 Be7 41. Nb3 {[#]} Ra4 $1 42. Nd2 Kd8 43. Kb3 (43. Nb3 {keeps fighting.}) 43... Ra5 $19 44. Kb4 {[#]} Rxc5 $1 {[%mdl 512]} 45. Rxc5 {[#] Strongly threatening Nb3.} a5+ $1 {[%mdl 512]} 46. Kxa5 {Hoping for Rc3.} Bxc5 {[%mdl 4096] Endgame KBB-KBN} 47. a4 $2 (47. Ka4 {was necessary.}) 47... Kc7 48. Nb3 Ba3 49. Nd4 f5 50. Ba6 g5 {[%cal Bg6g5,Bg5g4][%mdl 32]} 51. Bf1 Be7 52. Bh3 g4 53. Bf1 c5 54. Nb5+ Kb7 {Black mates.} 55. Be2 Bd8+ 56. Nc7 Bxc7# {Precision: White = 23%, Black = 90%.} 0-1